| 000 | 00676nam a22001937a 4500 | ||
|---|---|---|---|
| 005 | 20260113110418.0 | ||
| 008 | 161118b xxu||||| |||| 00| 0 eng d | ||
| 020 | _a978-0-538-74857-5 | ||
| 082 |
_22017 _aDC 332.4 _bB73 |
||
| 100 |
_917643 _aBrandl, Michael W. _eauthor. |
||
| 245 |
_aMoney, banking, financial markets & institutions/ _cMichael W. Brandl. |
||
| 260 |
_aAustralia : _bCengage Learning, _cc2017. |
||
| 300 |
_axv, 527 pages : _b color illustrations ; _c27 cm. |
||
| 500 | _aIncludes bibliographical references and index. | ||
| 650 | 0 |
_917644 _aMoney. |
|
| 650 | 0 |
_917645 _aBanks and banking. |
|
| 650 | 0 |
_917646 _aFinancial institutions. |
|
| 942 |
_2ddc _cDC |
||
| 999 |
_c5776 _d5776 |
||